LIBRARY ONLINE CATALOGUE

Financial accounting / (Record no. 91)

MARC details
000 -LEADER
fixed length control field 00662cam a22002172 4500
001 - CONTROL NUMBER
control field 0000000225
005 - DATE AND TIME OF LATEST TRANSACTION
control field 20151021151041.0
008 - FIXED-LENGTH DATA ELEMENTS--GENERAL INFORMATION
fixed length control field 070117s xx 000 0 eng d
020 ## - INTERNATIONAL STANDARD BOOK NUMBER
International Standard Book Number 0072516682 :
Terms of availability KES 1,700
040 ## - CATALOGING SOURCE
Original cataloging agency KABU
Transcribing agency KABU
245 10 - TITLE STATEMENT
Title Financial accounting /
Statement of responsibility, etc. Jan R. Williams ... [et al.]
250 ## - EDITION STATEMENT
Edition statement 11th ed.
260 ## - PUBLICATION, DISTRIBUTION, ETC. (IMPRINT)
Place of publication, distribution, etc. Boston :
Name of publisher, distributor, etc. McGraw-Hill,
Date of publication, distribution, etc. 2003.
300 ## - PHYSICAL DESCRIPTION
Extent xxxi, 752 p.
650 #0 - SUBJECT ADDED ENTRY--TOPICAL TERM
Topical term or geographic name as entry element Accounting.
-- 0000148321
700 1# - ADDED ENTRY--PERSONAL NAME
Personal name Williams, Jan R.
-- 0000167605
908 ## - PUT COMMAND PARAMETER (RLIN)
Put command parameter 070117
950 ## - LOCAL HOLDINGS (RLIN)
-- 1
Holdings
Withdrawn status Lost status Source of classification or shelving scheme Not for loan Home library Current library Date acquired Total Checkouts Full call number Barcode Date last seen Price effective from Koha item type Date last checked out
    Library of Congress Classification   Kabarak, Main Campus Kabarak, Main Campus 17/12/2015 1 HF5635 .F56 2003 c. 1 19065 02/08/2024 17/12/2015 General Collection 10/03/2020
    Library of Congress Classification   Kabarak, Nakuru City Campus Kabarak, Nakuru City Campus 21/10/2015   HF5635 .F56 2003 c. 1 005484 21/10/2015 21/10/2015 General Collection  
    Library of Congress Classification   Kabarak, Nakuru City Campus Kabarak, Nakuru City Campus 21/10/2015   HF5635 .F56 2003 c. 2 005485 21/10/2015 21/10/2015 General Collection